000 00200nam a22001097a 4500
082 _a821
_bBHA/S
245 _aSYMPHONY
260 _bP.V BHASKARAN NAIR
300 _a58
650 _aPOEMS
942 _cBK
999 _c4033
_d4033